• 首页
  • 本馆介绍
  • 公告通知
  • 最新文献
  • 馆藏检索
  • 电子资源
  • 读者导购
  • 参考咨询
  • 我的图书馆
  • 登录
  • 详细信息显示
  • 放入我的书架
  • 预约/预借图书
  • 作者相关作品
  • 分类相关作品
  • 丛书相关作品
  • 出版社相关作品

书目信息

  • 表格格式
  • 工作单格式
  • 卡片格式
题名:
微积分解疑
    
 
作者: 华宏祖 编
分册:  
出版信息: 南京   江苏科学技术出版社  1982
页数: 290页
开本: 19cm
丛书名:
单 册:
中图分类: O172-44 , O172
科图分类:
主题词: 微积分--解题 , 数学分析
电子资源:
ISBN:
000 00688nam0 2200265 45
001 0182000727
005 20040701173935.1
010    @dCNY1.61
091    @a13196.104
100    @a19950509d1982 em y0chiy0121 ea
101 0  @achi
102    @aCN@b320000
105    @ay q 000yy
106    @ar
200 10 @a微积分解疑@Awei ji fen jie yi@f华宏祖等编@FHua Hong Zu Deng Bian
210    @a南京@c江苏科学技术出版社@d1982
215    @a290页@d19cm
606    @a微积分@x解题
606 0  @a数学分析
690    @aO172-44@v3
690    @aO172@v3
701  0 @a华宏祖@Ahua hong zu@4编
801  0 @aCN@b上海图书馆@c20040520
801  2 @aCN@bNLC@c20040520
905    @dO172@e37@b170054@f1
    
    微积分解疑/华宏祖等编.-南京:江苏科学技术出版社,1982
    290页;19cm
    
    
    ISBN :CNY1.61
    
●
相关链接 在E读中查询图书 在五车中查询图书 在当当中查询图书 在豆瓣中查询图书


正题名:微积分解疑     索取号:O172/37         预约/预借

序号 登录号 条形码 馆藏地/架位号 状态 备注
1 0170051   000420333   第三借阅区/ [索取号:O172/37] 在馆    
2 0170052   000420324   第三借阅区/ [索取号:O172/37] 在馆    
3 0170053   001934713   第三借阅区/ [索取号:O172/37] 在馆    
4 0170054   001941876   第三借阅区/ [索取号:O172/37] 在馆    
5 0170055   000420315   第二样本阅览室/ [索取号:O172/37] 在馆    
唐山师范学院图书馆 欢迎您!
大连网信软件有限公司© 版权所有